Welcome to CU Library Online Public Access Catalogue (OPAC)

The All England Law Report 1996 Vol. 2 (Record no. 976)

MARC details
000 -LEADER
fixed length control field 00402nam a22001337a 4500
005 - DATE AND TIME OF LATEST TRANSACTION
control field 20241111095437.0
008 - FIXED-LENGTH DATA ELEMENTS--GENERAL INFORMATION
fixed length control field 241111b |||||||| |||| 00| 0 eng d
020 ## - INTERNATIONAL STANDARD BOOK NUMBER
International Standard Book Number 0406065020
245 ## - TITLE STATEMENT
Title The All England Law Report 1996 Vol. 2
Statement of responsibility, etc. Edited by Vandridge-Ames Caroline LLM
260 ## - PUBLICATION, DISTRIBUTION, ETC.
Place of publication, distribution, etc. London
Name of publisher, distributor, etc. Butterworths
Date of publication, distribution, etc. 1996
300 ## - PHYSICAL DESCRIPTION
Extent xix, 1056 pages
Dimensions 23.5 cm
650 ## - SUBJECT ADDED ENTRY--TOPICAL TERM
Source of heading or term Law Reports
General subdivision England
942 ## - ADDED ENTRY ELEMENTS (KOHA)
Source of classification or shelving scheme Library of Congress Classification
Koha item type Books
Suppress in OPAC No
999 ## -
-- 976
-- 976
Holdings
Withdrawn status Lost status Source of classification or shelving scheme Damaged status Not for loan Collection Home library Current library Shelving location Date acquired Total checkouts Full call number Barcode Date last seen Copy number Price effective from Koha item type
    Library of Congress Classification     Non-fiction Law Library (Miotso) Law Library (Miotso) General stacks 11/11/2024   ELR 96 Vol. 2 LLM00000675 11/11/2024 1 11/11/2024 Books
© 2023-2024 Copyright: Central University Libraries. All Rights Reserved | Created by: Mahone Tech Office